[Event "DEM U14 2024"]
[Site "Willingen GER"]
[Date "2024.05.22"]
[Round "6"]
[White "Xue, Luka"]
[Black "Vranckx, Oscar"]
[Result "0-1"]
[Termination "normal"]
[Board "15"]
[WhiteElo "2097"]
[BlackElo "1870"]
[WhiteClock "00:06:08"]
[BlackClock "00:56:07"]
[PlyCount "122"]
[WhiteFideId "16277252"]
[BlackFideId "34608788"]
[EventCountry "GER"]
[EventRounds "9"]
[EventType "swiss"]
[EventDate "2024.05.18"]

1. d4 {[%clk 01:30:59]} {[%emt 00:00:01]} d5 {[%clk 01:30:55]} {[%emt
00:00:05]} 2. Nf3 {[%clk 01:31:13]} {[%emt 00:00:16]} c5 {[%clk 01:30:29]}
{[%emt 00:00:56]} 3. c4 {[%clk 01:28:35]} {[%emt 00:03:08]} cxd4 {[%clk
01:29:16]} {[%emt 00:01:43]} 4. cxd5 {[%clk 01:26:53]} {[%emt 00:02:12]} Nf6
{[%clk 01:27:58]} {[%emt 00:01:47]} 5. Nxd4 {[%clk 01:25:24]} {[%emt 00:01:59]}
Nxd5 {[%clk 01:28:01]} {[%emt 00:00:28]} 6. e3 {[%clk 01:24:34]} {[%emt
00:01:19]} e6 {[%clk 01:27:08]} {[%emt 00:01:24]} 7. Be2 {[%clk 01:24:43]}
{[%emt 00:00:21]} Be7 {[%clk 01:26:29]} {[%emt 00:01:09]} 8. O-O {[%clk
01:24:11]} {[%emt 00:01:01]} O-O {[%clk 01:26:36]} {[%emt 00:00:22]} 9. Bd2
{[%clk 01:23:19]} {[%emt 00:01:23]} Bd7 {[%clk 01:26:05]} {[%emt 00:01:01]} 10.
Nc3 {[%clk 01:23:23]} {[%emt 00:00:26]} Nxc3 {[%clk 01:25:58]} {[%emt
00:00:38]} 11. Bxc3 {[%clk 01:23:33]} {[%emt 00:00:20]} Nc6 {[%clk 01:26:21]}
{[%emt 00:00:07]} 12. Bf3 {[%clk 01:21:34]} {[%emt 00:02:29]} Rc8 {[%clk
01:25:37]} {[%emt 00:01:13]} 13. Qd2 {[%clk 01:16:59]} {[%emt 00:05:05]} Bf6
{[%clk 01:23:32]} {[%emt 00:02:35]} 14. Rfd1 {[%clk 01:16:29]} {[%emt
00:01:00]} Qb6 {[%clk 01:16:42]} {[%emt 00:07:21]} 15. h3 {[%clk 01:07:08]}
{[%emt 00:09:50]} e5 {[%clk 01:09:49]} {[%emt 00:07:23]} 16. Nxc6 {[%clk
00:58:55]} {[%emt 00:08:43]} Bxc6 {[%clk 01:09:38]} {[%emt 00:00:41]} 17. Ba5
{[%clk 00:58:24]} {[%emt 00:01:01]} Qa6 {[%clk 01:09:58]} {[%emt 00:00:09]} 18.
Bg4 {[%clk 00:58:12]} {[%emt 00:00:43]} Ra8 {[%clk 01:09:02]} {[%emt 00:01:27]}
19. Rac1 {[%clk 00:55:26]} {[%emt 00:03:16]} Bb5 {[%clk 01:08:40]} {[%emt
00:00:52]} 20. b3 {[%clk 00:51:20]} {[%emt 00:04:36]} b6 {[%clk 01:08:56]}
{[%emt 00:00:14]} 21. Bb4 {[%clk 00:51:36]} {[%emt 00:00:13]} Rfd8 {[%clk
01:08:53]} {[%emt 00:00:33]} 22. Qc2 {[%clk 00:48:44]} {[%emt 00:03:23]} Bd3
{[%clk 01:07:53]} {[%emt 00:01:30]} 23. Qc7 {[%clk 00:47:55]} {[%emt 00:01:17]}
e4 {[%clk 01:06:37]} {[%emt 00:01:47]} 24. Be7 {[%clk 00:45:46]} {[%emt
00:02:38]} Bxe7 {[%clk 01:05:56]} {[%emt 00:01:12]} 25. Qxe7 {[%clk 00:46:11]}
{[%emt 00:00:06]} Re8 {[%clk 01:06:11]} {[%emt 00:00:15]} 26. Qd7 {[%clk
00:42:01]} {[%emt 00:04:39]} Rad8 {[%clk 01:05:57]} {[%emt 00:00:44]} 27. Qf5
{[%clk 00:41:02]} {[%emt 00:01:28]} Qxa2 {[%clk 01:04:25]} {[%emt 00:02:03]}
28. Rc7 {[%clk 00:38:50]} {[%emt 00:02:42]} Qxb3 {[%clk 01:03:37]} {[%emt
00:01:19]} 29. Rdc1 {[%clk 00:38:03]} {[%emt 00:01:17]} Qd5 {[%clk 01:02:40]}
{[%emt 00:01:26]} 30. Rxa7 {[%clk 00:35:36]} {[%emt 00:02:57]} Qxf5 {[%emt
00:00:15]} 31. Bxf5 {[%emt 00:00:03]} g6 {[%clk 01:02:52]} 32. Bg4 {[%clk
00:34:23]} {[%emt 00:01:42]} h5 {[%clk 01:00:23]} {[%emt 00:02:59]} 33. Bd1
{[%clk 00:31:34]} {[%emt 00:03:20]} Ra8 {[%clk 00:58:37]} {[%emt 00:02:16]} 34.
Rb7 {[%clk 00:30:26]} {[%emt 00:01:37]} Reb8 {[%clk 00:57:11]} {[%emt
00:01:57]} 35. Re7 {[%clk 00:30:12]} {[%emt 00:00:45]} Ra3 {[%clk 00:57:11]}
{[%emt 00:00:30]} 36. g4 {[%clk 00:24:07]} {[%emt 00:06:35]} h4 {[%clk
00:54:24]} {[%emt 00:03:17]} 37. Kg2 {[%clk 00:23:21]} {[%emt 00:01:15]} b5
{[%clk 00:52:05]} {[%emt 00:02:49]} 38. Rcc7 {[%clk 00:22:50]} {[%emt
00:01:01]} Rf8 {[%clk 00:51:33]} {[%emt 00:01:02]} 39. Rb7 {[%clk 00:22:19]}
{[%emt 00:01:01]} Kg7 {[%clk 00:50:45]} {[%emt 00:01:19]} 40. g5 {[%clk
00:21:12]} {[%emt 00:01:43]} Rc3 {[%clk 00:50:49]} {[%emt 00:04:39]} 41. Bg4
{[%clk 00:04:21]} {[%emt 00:13:01]} Rc5 {[%clk 00:47:07]} {[%emt 00:04:12]} 42.
Be6 {[%clk 00:02:18]} {[%emt 00:02:33]} Rxg5+ {[%clk 00:47:25]} {[%emt
00:00:12]} 43. Kh2 {[%clk 00:00:57]} {[%emt 00:01:51]} Re5 {[%clk 00:43:13]}
{[%emt 00:04:43]} 44. Rxf7+ {[%clk 00:27:55]} {[%emt 00:03:31]} Rxf7 {[%clk
01:13:28]} {[%emt 00:00:15]} 45. Bxf7 {[%clk 00:28:17]} {[%emt 00:00:07]} Kh6
{[%clk 01:12:36]} {[%emt 00:01:23]} 46. Rb6 {[%clk 00:27:40]} {[%emt 00:01:07]}
Rg5 {[%clk 01:12:54]} {[%emt 00:00:13]} 47. Be6 {[%clk 00:26:59]} {[%emt
00:01:10]} Be2 {[%clk 01:10:04]} {[%emt 00:03:21]} 48. Bg4 {[%clk 00:26:56]}
{[%emt 00:00:32]} Bc4 {[%clk 01:09:04]} {[%emt 00:01:30]} 49. Be6 {[%clk
00:25:38]} {[%emt 00:01:48]} Bf1 {[%clk 01:08:58]} {[%emt 00:00:36]} 50. Bg4
{[%clk 00:25:50]} {[%emt 00:00:17]} Rc5 {[%clk 01:08:30]} {[%emt 00:03:49]} 51.
Bd7 {[%clk 00:25:10]} {[%emt 00:00:06]} Be2 {[%clk 01:06:32]} {[%emt 00:00:43]}
52. Bg4 {[%clk 00:23:32]} {[%emt 00:02:07]} Bd3 {[%clk 01:06:24]} {[%emt
00:00:38]} 53. Bd7 {[%clk 00:23:28]} {[%emt 00:00:34]} Kh5 {[%clk 01:05:33]}
{[%emt 00:01:21]} 54. Kg2 {[%clk 00:21:49]} {[%emt 00:04:19]} Bc4 {[%clk
01:01:57]} {[%emt 00:01:56]} 55. Bc6 {[%clk 00:20:35]} {[%emt 00:01:43]} Rg5+
{[%clk 00:58:40]} {[%emt 00:03:49]} 56. Kh2 {[%clk 00:20:50]} {[%emt 00:00:14]}
Bd3 {[%clk 00:59:02]} {[%emt 00:00:08]} 57. Rb8 {[%clk 00:18:46]} {[%emt
00:02:34]} Rc5 {[%clk 00:58:02]} {[%emt 00:01:31]} 58. Rb6 {[%clk 00:17:56]}
{[%emt 00:01:19]} Rf5 {[%clk 00:57:49]} {[%emt 00:00:43]} 59. Kg2 {[%clk
00:17:43]} {[%emt 00:00:42]} Rf6 {[%clk 00:58:07]} {[%emt 00:00:13]} 60. f3
{[%clk 00:08:43]} {[%emt 00:09:30]} Kh6 {[%clk 00:56:03]} {[%emt 00:02:34]} 61.
Rxb5 {[%clk 00:06:08]} {[%emt 00:03:05]} Rxc6 {[%clk 00:56:07]} {[%emt
00:00:25]} 0-1

[Event "DEM U14 2024"]
[Site "Willingen GER"]
[Date "2024.05.22"]
[Round "6"]
[White "Li, Luxuan"]
[Black "Derr, Oleg"]
[Result "0-1"]
[Termination "normal"]
[Board "16"]
[WhiteElo "1709"]
[BlackElo "1946"]
[WhiteClock "00:17:18"]
[BlackClock "00:47:40"]
[PlyCount "56"]
[WhiteFideId "34617507"]
[BlackFideId "34611517"]
[EventCountry "GER"]
[EventRounds "9"]
[EventType "swiss"]
[EventDate "2024.05.18"]

1. e4 {[%clk 01:30:56]} {[%emt 00:00:03]} c5 {[%clk 01:30:56]} {[%emt
00:00:04]} 2. Nf3 {[%clk 01:31:22]} {[%emt 00:00:04]} d6 {[%clk 01:31:22]}
{[%emt 00:00:05]} 3. Bc4 {[%clk 01:31:39]} {[%emt 00:00:12]} Nf6 {[%clk
01:31:09]} {[%emt 00:00:42]} 4. d3 {[%clk 01:31:59]} {[%emt 00:00:11]} Nc6
{[%clk 01:31:18]} {[%emt 00:00:20]} 5. c3 {[%clk 01:32:09]} {[%emt 00:00:21]}
g6 {[%clk 01:30:33]} {[%emt 00:01:15]} 6. O-O {[%clk 01:30:05]} {[%emt
00:02:34]} Bg7 {[%clk 01:30:44]} {[%emt 00:00:17]} 7. Re1 {[%clk 01:29:34]}
{[%emt 00:01:02]} O-O {[%clk 01:29:45]} {[%emt 00:01:29]} 8. Nbd2 {[%clk
01:24:56]} {[%emt 00:05:09]} Na5 {[%clk 01:25:03]} {[%emt 00:05:12]} 9. e5
{[%clk 01:21:15]} {[%emt 00:04:11]} dxe5 {[%clk 01:17:03]} {[%emt 00:08:30]}
10. Nxe5 {[%clk 01:16:41]} {[%emt 00:05:04]} Bf5 {[%clk 01:15:09]} {[%emt
00:02:24]} 11. Nb3 {[%clk 01:04:47]} {[%emt 00:12:24]} Nxc4 {[%clk 01:13:03]}
{[%emt 00:02:35]} 12. dxc4 {[%clk 01:04:21]} {[%emt 00:00:56]} Qc7 {[%clk
01:11:17]} {[%emt 00:02:16]} 13. Qe2 {[%clk 01:00:30]} {[%emt 00:04:22]} Rad8
{[%clk 01:08:55]} {[%emt 00:02:51]} 14. Bf4 {[%clk 00:59:11]} {[%emt 00:01:50]}
Nh5 {[%clk 01:03:52]} {[%emt 00:05:32]} 15. Qe3 {[%clk 00:52:17]} {[%emt
00:07:25]} Nxf4 {[%clk 01:01:40]} {[%emt 00:02:41]} 16. Qxf4 {[%clk 00:52:39]}
{[%emt 00:00:08]} Rd6 {[%clk 01:00:22]} {[%emt 00:01:48]} 17. Nf3 {[%clk
00:49:28]} {[%emt 00:03:42]} Rfd8 {[%clk 00:58:47]} {[%emt 00:02:04]} 18. g4
{[%clk 00:47:01]} {[%emt 00:02:58]} Bc8 {[%clk 00:56:17]} {[%emt 00:02:58]} 19.
Ng5 {[%clk 00:40:25]} {[%emt 00:07:07]} e5 {[%clk 00:54:43]} {[%emt 00:02:03]}
20. Qg3 {[%clk 00:37:06]} {[%emt 00:03:50]} b6 {[%clk 00:53:06]} {[%emt
00:02:08]} 21. Ne4 {[%clk 00:35:37]} {[%emt 00:01:59]} Rd3 {[%clk 00:52:38]}
{[%emt 00:00:57]} 22. Qh4 {[%clk 00:33:49]} {[%emt 00:02:18]} Bb7 {[%clk
00:48:33]} {[%emt 00:04:36]} 23. Nf6+ {[%clk 00:31:04]} {[%emt 00:03:15]} Bxf6
{[%clk 00:48:42]} {[%emt 00:00:21]} 24. Qxf6 {[%clk 00:31:31]} {[%emt
00:00:02]} R3d6 {[%clk 00:48:51]} {[%emt 00:00:21]} 25. Qh4 {[%clk 00:20:27]}
{[%emt 00:11:35]} Qc6 {[%clk 00:48:08]} {[%emt 00:01:13]} 26. f3 {[%clk
00:20:22]} {[%emt 00:00:35]} Qxf3 {[%clk 00:48:06]} {[%emt 00:00:31]} 27. Qg3
{[%clk 00:20:29]} {[%emt 00:00:24]} Qc6 {[%clk 00:47:30]} {[%emt 00:01:05]} 28.
Rxe5 {[%clk 00:17:18]} {[%emt 00:03:42]} Rd3 {[%clk 00:47:40]} {[%emt
00:00:20]} 0-1

[Event "DEM U14 2024"]
[Site "Willingen GER"]
[Date "2024.05.22"]
[Round "6"]
[White "Martemyanov, Mikhail"]
[Black "Nönnig, Jakob"]
[Result "1-0"]
[Termination "normal"]
[Board "17"]
[WhiteElo "1720"]
[BlackElo "1990"]
[WhiteClock "00:03:16"]
[BlackClock "00:07:49"]
[PlyCount "51"]
[WhiteFideId "34303774"]
[BlackFideId "16289447"]
[EventCountry "GER"]
[EventRounds "9"]
[EventType "swiss"]
[EventDate "2024.05.18"]

1. e4 {[%clk 01:30:57]} {[%emt 00:00:02]} e5 {[%clk 01:30:53]} {[%emt
00:00:07]} 2. Nf3 {[%clk 01:31:19]} {[%emt 00:00:08]} Nc6 {[%clk 01:31:16]}
{[%emt 00:00:07]} 3. Nc3 {[%clk 01:31:43]} {[%emt 00:00:06]} Nf6 {[%clk
01:31:36]} {[%emt 00:00:09]} 4. h3 {[%clk 01:32:08]} {[%emt 00:00:06]} d5
{[%clk 01:29:47]} {[%emt 00:02:20]} 5. exd5 {[%clk 01:32:15]} {[%emt 00:00:23]}
Nxd5 {[%clk 01:30:09]} {[%emt 00:00:08]} 6. Bb5 {[%clk 01:32:25]} {[%emt
00:00:20]} Nxc3 {[%clk 01:29:44]} {[%emt 00:00:55]} 7. bxc3 {[%clk 01:32:46]}
{[%emt 00:00:09]} Bd6 {[%clk 01:30:01]} {[%emt 00:00:13]} 8. d4 {[%clk
01:32:56]} {[%emt 00:00:19]} exd4 {[%clk 01:29:21]} {[%emt 00:01:11]} 9. O-O
{[%clk 01:32:29]} {[%emt 00:00:57]} dxc3 {[%clk 01:19:12]} {[%emt 00:10:39]}
10. Re1+ {[%clk 01:28:54]} {[%emt 00:04:04]} Be6 {[%clk 01:18:23]} {[%emt
00:01:19]} 11. Ng5 {[%clk 01:09:16]} {[%emt 00:20:09]} O-O {[%clk 01:13:15]}
{[%emt 00:05:39]} 12. Qd3 {[%clk 00:45:40]} {[%emt 00:24:06]} g6 {[%clk
01:12:01]} {[%emt 00:01:44]} 13. Nxe6 {[%clk 00:30:46]} {[%emt 00:15:24]} fxe6
{[%clk 01:12:11]} {[%emt 00:00:20]} 14. Bh6 {[%clk 00:25:41]} {[%emt 00:05:35]}
Rf7 {[%clk 01:10:41]} {[%emt 00:01:59]} 15. Rxe6 {[%clk 00:22:11]} {[%emt
00:04:01]} Ne5 {[%clk 01:07:36]} {[%emt 00:03:35]} 16. Qe4 {[%clk 00:18:05]}
{[%emt 00:04:35]} Nd7 {[%clk 00:30:28]} {[%emt 00:41:29]} 17. Rxg6+ {[%clk
00:11:28]} {[%emt 00:03:16]} Kh8 {[%clk 00:30:42]} {[%emt 00:00:15]} 18. Re6
{[%clk 00:10:07]} {[%emt 00:01:52]} Nf6 {[%clk 00:27:33]} {[%emt 00:03:39]} 19.
Qf3 {[%clk 00:09:27]} {[%emt 00:01:11]} a6 {[%clk 00:20:24]} {[%emt 00:07:39]}
20. Bc4 {[%clk 00:08:34]} {[%emt 00:01:23]} Be7 {[%clk 00:16:24]} {[%emt
00:04:30]} 21. Rae1 {[%clk 00:08:07]} {[%emt 00:00:56]} Qd4 {[%clk 00:13:58]}
{[%emt 00:02:56]} 22. Bb3 {[%clk 00:03:28]} {[%emt 00:05:09]} Re8 {[%clk
00:13:23]} {[%emt 00:01:05]} 23. R6e4 {[%clk 00:02:35]} {[%emt 00:01:23]} Nxe4
{[%clk 00:07:21]} {[%emt 00:06:33]} 24. Qxf7 {[%clk 00:02:56]} {[%emt
00:00:09]} Nd6 {[%clk 00:07:46]} {[%emt 00:00:05]} 25. Rxe7 {[%clk 00:02:55]}
{[%emt 00:00:30]} Qd1+ {[%clk 00:07:49]} {[%emt 00:03:40]} 26. Kh2 {[%clk
00:03:16]} 1-0

[Event "DEM U14 2024"]
[Site "Willingen GER"]
[Date "2024.05.22"]
[Round "6"]
[White "Nguyen, Thanh An"]
[Black "Aniol, Nico"]
[Result "1/2-1/2"]
[Termination "normal"]
[Board "18"]
[WhiteElo "1794"]
[BlackElo "1860"]
[WhiteClock "00:35:53"]
[BlackClock "00:39:42"]
[PlyCount "48"]
[WhiteFideId "34627804"]
[BlackFideId "16287096"]
[EventCountry "GER"]
[EventRounds "9"]
[EventType "swiss"]
[EventDate "2024.05.18"]

1. d4 {[%clk 01:30:58]} {[%emt 00:00:01]} d5 {[%clk 01:30:52]} {[%emt
00:00:08]} 2. Nf3 {[%clk 01:31:19]} {[%emt 00:00:09]} Nf6 {[%clk 01:30:55]}
{[%emt 00:00:27]} 3. Bf4 {[%clk 01:31:10]} {[%emt 00:00:39]} g6 {[%clk
01:30:23]} {[%emt 00:01:02]} 4. e3 {[%clk 01:31:17]} {[%emt 00:00:23]} Bg7
{[%clk 01:30:31]} {[%emt 00:00:22]} 5. Bd3 {[%clk 01:31:15]} {[%emt 00:00:32]}
O-O {[%clk 01:30:38]} {[%emt 00:00:23]} 6. O-O {[%clk 01:31:26]} {[%emt
00:00:19]} c5 {[%clk 01:29:44]} {[%emt 00:01:24]} 7. c3 {[%clk 01:30:10]}
{[%emt 00:01:46]} Nc6 {[%clk 01:29:29]} {[%emt 00:00:45]} 8. Nbd2 {[%clk
01:29:23]} {[%emt 00:01:17]} Bf5 {[%clk 01:23:21]} {[%emt 00:06:37]} 9. Bxf5
{[%clk 01:27:15]} {[%emt 00:02:39]} gxf5 {[%clk 01:23:46]} {[%emt 00:00:05]}
10. Ne5 {[%clk 01:22:43]} {[%emt 00:05:03]} Rc8 {[%clk 01:17:41]} {[%emt
00:06:34]} 11. Ndf3 {[%clk 01:06:43]} {[%emt 00:16:30]} Nd7 {[%clk 01:03:47]}
{[%emt 00:14:24]} 12. Nxc6 {[%clk 00:51:43]} {[%emt 00:15:30]} Rxc6 {[%clk
01:02:02]} {[%emt 00:02:15]} 13. Qb3 {[%clk 00:50:35]} {[%emt 00:01:38]} Nb6
{[%clk 01:00:21]} {[%emt 00:02:12]} 14. a4 {[%clk 00:43:20]} {[%emt 00:07:46]}
Qd7 {[%clk 00:55:30]} {[%emt 00:05:20]} 15. Qc2 {[%clk 00:38:55]} {[%emt
00:04:55]} e6 {[%clk 00:49:19]} {[%emt 00:06:41]} 16. a5 {[%clk 00:36:52]}
{[%emt 00:02:34]} Nc4 {[%clk 00:48:27]} {[%emt 00:01:21]} 17. b3 {[%clk
00:36:56]} {[%emt 00:00:26]} Nd6 {[%clk 00:48:52]} {[%emt 00:00:05]} 18. Ne5
{[%clk 00:36:17]} {[%emt 00:01:09]} Bxe5 {[%clk 00:49:12]} {[%emt 00:00:09]}
19. dxe5 {[%clk 00:36:30]} {[%emt 00:00:18]} Nc8 {[%clk 00:45:35]} {[%emt
00:04:06]} 20. Bh6 {[%clk 00:36:39]} {[%emt 00:00:22]} Re8 {[%clk 00:44:32]}
{[%emt 00:01:33]} 21. f4 {[%clk 00:36:58]} {[%emt 00:00:11]} Ne7 {[%clk
00:43:02]} {[%emt 00:02:00]} 22. h4 {[%clk 00:37:03]} {[%emt 00:00:25]} Kh8
{[%clk 00:43:07]} {[%emt 00:00:24]} 23. Qe2 {[%clk 00:35:55]} {[%emt 00:01:38]}
Ng8 {[%clk 00:39:42]} {[%emt 00:03:55]} 24. Qh5 {[%clk 00:35:53]} {[%emt
00:00:33]} f6 {[%emt 00:06:02]} 1/2-1/2

[Event "DEM U14 2024"]
[Site "Willingen GER"]
[Date "2024.05.22"]
[Round "6"]
[White "Mukazhanov, Mansur"]
[Black "Hellenbroich, Hanno"]
[Result "0-1"]
[Termination "normal"]
[Board "19"]
[WhiteElo "1919"]
[BlackElo "1739"]
[WhiteClock "00:02:51"]
[BlackClock "00:32:49"]
[PlyCount "80"]
[WhiteFideId "13752324"]
[BlackFideId "16270762"]
[EventCountry "GER"]
[EventRounds "9"]
[EventType "swiss"]
[EventDate "2024.05.18"]

1. e4 {[%clk 01:30:57]} {[%emt 00:00:01]} c5 {[%clk 01:30:35]} {[%emt
00:00:26]} 2. Nf3 {[%clk 01:31:23]} {[%emt 00:00:04]} d6 {[%clk 01:31:00]}
{[%emt 00:00:05]} 3. Bb5+ {[%clk 01:31:49]} {[%emt 00:00:04]} Bd7 {[%clk
01:31:26]} {[%emt 00:00:05]} 4. Bxd7+ {[%clk 01:32:07]} {[%emt 00:00:11]} Qxd7
{[%clk 01:31:51]} {[%emt 00:00:05]} 5. O-O {[%clk 01:32:31]} {[%emt 00:00:06]}
Nc6 {[%clk 01:32:15]} {[%emt 00:00:06]} 6. c3 {[%clk 01:32:56]} {[%emt
00:00:05]} Nf6 {[%clk 01:32:32]} {[%emt 00:00:13]} 7. Re1 {[%clk 01:33:13]}
{[%emt 00:00:13]} e6 {[%clk 01:32:36]} {[%emt 00:00:26]} 8. d4 {[%clk
01:33:30]} {[%emt 00:00:13]} cxd4 {[%clk 01:32:15]} {[%emt 00:00:50]} 9. cxd4
{[%clk 01:33:51]} {[%emt 00:00:10]} d5 {[%clk 01:32:34]} {[%emt 00:00:12]} 10.
exd5 {[%clk 01:32:48]} {[%emt 00:01:33]} Nxd5 {[%clk 01:32:39]} {[%emt
00:00:25]} 11. Nc3 {[%clk 01:32:49]} {[%emt 00:00:29]} Nxc3 {[%clk 01:27:13]}
{[%emt 00:05:55]} 12. bxc3 {[%clk 01:33:04]} {[%emt 00:00:15]} Be7 {[%clk
01:26:40]} {[%emt 00:01:03]} 13. Bf4 {[%clk 01:32:19]} {[%emt 00:01:15]} O-O
{[%clk 01:24:18]} {[%emt 00:02:51]} 14. Re3 {[%clk 01:32:15]} {[%emt 00:00:34]}
Bd6 {[%clk 01:21:35]} {[%emt 00:03:14]} 15. Bxd6 {[%clk 01:30:41]} {[%emt
00:02:04]} Qxd6 {[%clk 01:21:32]} {[%emt 00:00:33]} 16. Qd3 {[%clk 01:29:24]}
{[%emt 00:01:47]} Ne7 {[%clk 01:19:33]} {[%emt 00:02:28]} 17. Ng5 {[%clk
01:28:39]} {[%emt 00:01:15]} Ng6 {[%clk 01:19:25]} {[%emt 00:00:39]} 18. Rae1
{[%clk 01:27:49]} {[%emt 00:01:20]} Qd5 {[%clk 01:17:49]} {[%emt 00:02:06]} 19.
Rg3 {[%clk 01:26:55]} {[%emt 00:01:23]} Qxa2 {[%clk 01:16:22]} {[%emt
00:01:58]} 20. h4 {[%clk 01:26:54]} {[%emt 00:00:30]} h6 {[%clk 01:15:51]}
{[%emt 00:01:01]} 21. Ne4 {[%clk 01:26:46]} {[%emt 00:00:38]} Kh8 {[%clk
01:13:13]} {[%emt 00:03:07]} 22. h5 {[%clk 01:22:48]} {[%emt 00:04:30]} Ne7
{[%clk 01:06:16]} {[%emt 00:07:27]} 23. Nc5 {[%clk 01:11:00]} {[%emt 00:12:17]}
Qd5 {[%clk 00:58:00]} {[%emt 00:08:46]} 24. Re5 {[%clk 01:11:12]} {[%emt
00:00:18]} Qc6 {[%clk 00:58:13]} {[%emt 00:00:17]} 25. Rxg7 {[%clk 00:20:29]}
{[%emt 00:51:13]} Kxg7 {[%clk 00:56:35]} {[%emt 00:02:08]} 26. Qg3+ {[%clk
00:20:38]} {[%emt 00:00:21]} Kh7 {[%clk 00:55:04]} {[%emt 00:02:01]} 27. Qf4
{[%clk 00:19:41]} {[%emt 00:01:29]} Rg8 {[%clk 00:49:44]} {[%emt 00:05:49]} 28.
f3 {[%clk 00:10:15]} {[%emt 00:13:42]} Raf8 {[%clk 00:46:09]} {[%emt 00:00:23]}
29. Kh1 {[%clk 00:05:13]} {[%emt 00:05:28]} Nd5 {[%clk 00:43:26]} {[%emt
00:03:12]} 30. Qh4 {[%clk 00:03:55]} {[%emt 00:01:48]} b6 {[%clk 00:43:03]}
{[%emt 00:00:53]} 31. Nxe6 {[%clk 00:03:14]} {[%emt 00:01:12]} fxe6 {[%clk
00:30:38]} {[%emt 00:12:56]} 32. Qe4+ {[%clk 00:03:32]} {[%emt 00:00:11]} Rf5
{[%clk 00:30:25]} {[%emt 00:00:43]} 33. Rxe6 {[%clk 00:03:49]} {[%emt
00:00:12]} Qxe6 {[%clk 00:30:35]} {[%emt 00:00:20]} 34. Qxe6 {[%clk 00:04:01]}
{[%emt 00:00:18]} Rfg5 {[%clk 00:30:17]} {[%emt 00:00:49]} 35. c4 {[%clk
00:01:49]} {[%emt 00:02:42]} Rxh5+ {[%clk 00:30:45]} {[%emt 00:00:01]} 36. Kg1
{[%clk 00:02:05]} {[%emt 00:00:14]} Rxg2+ {[%clk 00:31:13]} {[%emt 00:00:03]}
37. Kf1 {[%clk 00:01:43]} {[%emt 00:00:51]} Rh1+ {[%clk 00:31:41]} {[%emt
00:00:03]} 38. Kxg2 {[%clk 00:02:03]} {[%emt 00:00:09]} Nf4+ {[%emt 00:00:09]}
39. Kxh1 {[%clk 00:02:28]} {[%emt 00:00:04]} Nxe6 {[%clk 00:32:29]} {[%emt
00:00:05]} 40. d5 {[%clk 00:02:51]} {[%emt 00:00:07]} Nc5 {[%clk 00:32:49]}
{[%emt 00:00:09]} 0-1